Movies Quiz

Random Movies or Actor Quiz
Score 0/7 Timer 03:00
0 Plays Today
Actor % Correct
Sigourney Weaver
90.6%
John Hurt
77.5%
Ian Holm
58.3%
Tom Skerritt
53.2%
Harry Dean Stanton
50.5%
Yaphet Kotto
48.4%
Veronica Cartwright
40.7%
Remove Ads.
Support Sporcle.
Get the best of Sporcle when you Go Orange. This ad-free experience offers more features, more stats, and more fun while also helping to support Sporcle. Thank you for becoming a member.

You're not logged in!

Compare scores with friends on all Sporcle quizzes.
OR
Log In

Show Comments

Extras

Top Quizzes Today


Score Distribution

Your Account Isn't Verified!

In order to create a playlist on Sporcle, you need to verify the email address you used during registration. Go to your Sporcle Settings to finish the process.

Report this User

Report this user for behavior that violates our Community Guidelines.

Details: